000 01435cam a22002414a 4500
005 20250605164030.0
008 250528s ||||||||||||||||||||||||d
035 _a16610
020 _a960341008
040 _aGR-AtMCL
_bgre
_dGR-AtMCL
_eAACR2
245 1 _aΕκθέσεις 14: Ελληνικός Κλάδος Ζάχαρης / Ανάλυση - Προοπτικές
260 _bΑθήνα,
_c1994
300 _a488
520 _aΗ Διεθνής Αγορά Ζάχαρης, Η Κοινοτική Αγορά Ζάχαρης, Το Κοινοτικό Θεσμικό Πλαίσιο, Ο Κλάδος της Ζάχαρης στην Ελλάδα, Ελληνική Βιομηχανία Ζάχαρης ΑΕ: Τεχνοοικονομική Ανάλυση, Χρηματοοικονομική Αξιολόγηση της ΕΒΖ ΑΕ, Ανάλυση Κοινωνικών Οφελειών - Κόστος της Ελληνικής Βιομηχανίας Ζάχαρης, Ανακεφαλαίωση: Το Πλαίσιο της Ζαχαροβιομηχανίας, Συμπεράσματα - Προτάσεις.
700 1 _aΚαζής Δημήτριος
_92694
700 1 _aΛαμπροπούλου Αναστασία
_92695
700 1 _aΜπίτσικας Γεώργιος
_92696
700 1 _aΠαχάκη Καλλιόπη
_92697
700 1 _aΠερδικίδης Ιωσήφ
_92698
942 _cBK
999 _c2091
_d2091